| 000 | 00807nam a2200145Ia 4500 | ||
|---|---|---|---|
| 008 | 100204s9999 xx 000 0 und d | ||
| 082 | _b1357 | ||
| 100 | _aवरेरकर भार्गवराम विठ्ठल | ||
| 245 | _aपुन्हा डॉक्टर / प्रजापती लंडन / तिच्या नव-याचे माहेर | ||
| 260 |
_b"पॉप्युलर प्रकाशन , मुंबई" _c1961 |
||
| 300 | _a111 | ||
| 630 | _aपुन्हा डॉक्टर / प्रजापती लंडन / तिच्या नव-याचे माहेर | ||
| 730 | _aपुन्हा डॉक्टर / प्रजापती लंडन / तिच्या नव-याचे माहेर | ||
| 942 | _cBOOK | ||
| 999 |
_c446523 _d446520 |
||